Ryde's Scale abandoned (Record no. 71021)

MARC details
000 -LEADER
fixed length control field 01442cam a2200229 4500
001 - CONTROL NUMBER
control field WB3831-13
008 - FIXED-LENGTH DATA ELEMENTS--GENERAL INFORMATION
fixed length control field 020828n2002 000 0 eng u
035 ## - SYSTEM CONTROL NUMBER
System control number (Sirsi) u119450
245 ## - TITLE STATEMENT
Title Ryde's Scale abandoned
260 ## - PUBLICATION, DISTRIBUTION, ETC.
Date of publication, distribution, etc. 2002
490 ## - SERIES STATEMENT
Series statement RICS Feature
Volume/sequential designation 28 August 2002, (2); RICS Professional
-- October / November 2002, 43(1)
520 ## - SUMMARY, ETC.
Summary, etc. Government has confirmed the abolition of Ryde's Scale in its response to the planning green paper and a consultation draft of the revised circular on compulsory purchase orders (CPOs) which will replace DoE Circular 14/94. It is understood that claims settled before the 18 July will have proceeded with fees calculated in accordance with Ryde's Scale, unless this would not be a reasonable calculation. "Compulsory purchase powers, procedures and compensation: the way forward" available at "Consultation draft of revised circular on CPOs" available at www.planning.odpm.gov.uk/consult/0702/index.htm www.planning.odpm.gov.uk/consult/greenpap/comppow/index.htm www.rics.org/ricscms/bin/show?class=Feature&template=/includes/showfeature.html&id=329
590 ## - LOCAL NOTE (RLIN)
Local note WB
650 ## - SUBJECT ADDED ENTRY--TOPICAL TERM
Topical term or geographic name entry element RYDE'S SCALE
650 ## - SUBJECT ADDED ENTRY--TOPICAL TERM
Topical term or geographic name entry element Compulsory purchase
9 (RLIN) 6228
650 ## - SUBJECT ADDED ENTRY--TOPICAL TERM
Topical term or geographic name entry element COMPENSATION
650 ## - SUBJECT ADDED ENTRY--TOPICAL TERM
Topical term or geographic name entry element PROFESSIONAL FEES
650 ## - SUBJECT ADDED ENTRY--TOPICAL TERM
Topical term or geographic name entry element COMPULSORY PURCHASE ORDERS
650 ## - SUBJECT ADDED ENTRY--TOPICAL TERM
Topical term or geographic name entry element CPOS
690 ## - LOCAL SUBJECT ADDED ENTRY--TOPICAL TERM (OCLC, RLIN)
Topical term or geographic name as entry element ENVIRONMENTAL AND LAND CONSULTANCY-PLANNING AND DEVELOPMENT-COMPULSORY PURCHASE AND COMPENSATION
942 ## - ADDED ENTRY ELEMENTS (KOHA)
Suppress in OPAC 0
Holdings
Withdrawn status Lost status Source of classification or shelving scheme Damaged status Not for loan Home library Current library Shelving location Date acquired Total Checkouts Full call number Barcode Date last seen Copy number Price effective from Koha item type
    Dewey Decimal Classification     London London News article 28/08/2002   WB3831-13 119450-1001 06/08/2019 1 06/08/2019 News article